00373nam a22001457a 4500003000700000005001700007008004100024082002200065100002300087245003100110260002800141300000800169490003300177650001700210MPLRDC20220104123450.0210129b ||||| |||| 00| 0 eng d a857.623 YHGQ v.11 a张高雄总编辑 a世界诡异事件鬼奇c ab阳铭出版社c1990 b平 a瀛寰鬼奇世界探秘. 11 a灵异小说